000 00714nam a2200241 i 4500
001 134592
003 ES-MaACL
005 20250818131147.0
007 t|
008 070912s1971 sp bf ||||1| spa d
080 _a355.48(43)"1914"
080 _a940.3
245 0 3 _aLa batalla del Marne /
_cescrita bajo la dirección de P. Wedelman.
260 _a[Madrid] :
_bCírculo de Amigos de la Historia,
_c[1971]
300 _a258 p., 12 lám., 1 mapa pleg. ;
_c18 cm.
490 1 _aLa Gran Guerra
650 4 _aBatalla del Marne, 1914.
_9170974
700 1 _aWedelman, P.
_9116282
700 2 _a
_9241901
830 1 _aLa Gran Guerra
_9186978
852 _aES-MaACL
_jC-45895
999 _c134592
_d134592